| 000 | 00376nam a2200157Ia 4500 | ||
|---|---|---|---|
| 008 | 181130s2018 xx 000 0 und d | ||
| 100 | _aGuehenno, Jean-Marie | ||
| 245 | _aThe United Nations and civil wars | ||
| 260 | _c2018 | ||
| 300 | _ap.185-196. | ||
| 504 | _dWinter | ||
| 650 | _aCivil war | ||
| 650 | _aUnited Nations | ||
| 773 | _aDaedalus | ||
| 906 | _aCivil war | ||
| 999 |
_c506615 _d506615 |
||